000 00872nmm a2200277 a 4500
001 ocm000578318
003 TR-IsHL
005 20201028121205.0
008 130705s1995 tu tur
007 cr cn
020 _a9789757594239
035 _a578318
_b(N$T)
050 0 4 _aPL248.K37
_bS4 1995
090 0 4 _aPL248.K37
_bS4 1995
100 1 _aKaraer, Mustafa Necati
245 1 0 _aSes mimarlarımız'dan şiirler
_h[electronic resource] /
_cMustafa Necati Karaer
250 _a1. bs.
260 _aİstanbul :
_bTürk Edebiyatı Vakfı Yayınları,
_c1995
300 _a48 p.
650 4 _aDil ve Edebiyat
650 4 _aLanguage and Literature
650 0 _aTürk şiiri
650 0 _aTurkish poetry
650 7 _aPOETRY / Middle Eastern
_2bisacsh
856 4 0 _uhttp://search.ebscohost.com/login.aspx?direct=true&scope=site&db=e011xww&AN=578318
999 _c1189
_d1189